Cơ sở ngữ pháp tiếng Việt

Wedi'i Gadw mewn:
Manylion Llyfryddiaeth
Prif Awdur: Nguyễn Kim Thản
Fformat: Llyfr
Iaith:Vietnamese
Cyhoeddwyd: KHXH 2008
Pynciau:
Tagiau: Ychwanegu Tag
Dim Tagiau, Byddwch y cyntaf i dagio'r cofnod hwn!
Thư viện lưu trữ: Mạng thư viện Đại học Đà Nẵng
LEADER 01072cam a22003251a 4500
001 000033138
003 9274
005 20151023000000.0
008 151016s2008 vm 000 vie
041 |a vie 
082 |a 495.92415  |b NG-T 
100 |a Nguyễn Kim Thản 
245 |a Cơ sở ngữ pháp tiếng Việt  |c Nguyễn Kim Thản 
260 |a KHXH  |c 2008 
300 |a 266tr. : mh ; 20cm 
650 |a Nguyễn Kim Thản, ngữ pháp, tiếng Việt, 2008 
852 |b Chuyên đề  |c Ngôn ngữ tiếng Việt 1 
OWN |a LNN 
AVA |a UDN50  |b LNN  |d 495.92415 NG-T  |e available  |t Error 5001 Not defined in file expand_doc_bib_avail.  |f 1  |g 0  |h N  |i 0  |k 1 
999 |a From the UDN01 
AVA |a UDN50  |b LNN  |d 495.92415 NG-T  |e available  |t Error 5001 Not defined in file expand_doc_bib_avail.  |f 1  |g 0  |h N  |i 0  |k 1 
TYP |a Monograph 
TYP |a Printed language 
980 |a Mạng thư viện Đại học Đà Nẵng